000 00524nam a22001697a 4500
003 OSt
005 20260223122619.0
008 241104b |||||||| |||| 00| 0 eng d
020 _a9789356961319
040 _aSRHU
_bEnglish
_cSRHU
082 _223rd
_a615.82
245 _aTherapeutic Exercise : Foundation & Techniques
_c Kisner ,Carolyn & Borsted John
_hEnglish
250 _a8th
260 _aNew Delhi
_b Jaypee Brothers Medical Publishers
_cNew Delhi
300 _axxxv,1124
_c26cm
942 _2ddc
_cPT
_e8th
999 _c19193
_d19193